Forrajes; utilización eficiente mediante pastoreo directo /

Guardado en:
Autor Principal: Asociación Argentina de Consorcios Regionales de Experimentación Agrícola (a.a.c.r.e.a)
Formato: Libro
Publicado: Buenos Aires : Aacrea, 1985
Materias:
Etiquetas: Agregar Etiqueta
Sin Etiquetas, Sea el primero en etiquetar este registro!
LEADER 01915nam a22002775a 4500
001 CEM.cems016726
005 20171102151645.0
008 130507s1985##################000#0#####d
003 CEMS
082 0 4 |a 633.2 
100 1 |a Asociación Argentina de Consorcios Regionales de Experimentación Agrícola (a.a.c.r.e.a) 
245 1 0 |a Forrajes; utilización eficiente mediante pastoreo directo /  |c Aacrea 
260 |a Buenos Aires :  |b Aacrea,  |c 1985 
300 |a 76 p. 
505 0 |a 1.Morfofisiología de plantas forrajeras. Principios básicos para la utilización /Ing. Agr. guillermo Marchegiani -- 2.Dinámicas de los campos de pastoreo / Ing. Agr. Alejandro Deregibus -- 3.El hombre como administrador y conductor de los procesos / Ing. Agr. Carlos Frick -- 4.Utilización del los pastos por el animal / 4.1 La calidad del pasto en la oferta forrajera / Ing. Agr. Juan Pedro Torroba -- 4.2.Presupuestación forrajera / Ing. Agr. Alberto Lesser -- 4.3 Un caso práctico aplicado al tambo / A. Miles y P. Miles -- 5. Uso del alambre eléctrico / ng. Vicente D. Casares y Jorge von Stecher -- 6. El alambrado eléctrico en sistemas / 6.1de invernada / Ing. Agr. Juan Pedro Torroba -- 6.2 de cría y lanar / Ing. Agr. Carlos Frick -- 6.3 de producción lechera / Ing. Agr. Alberto Lesser -- 7. Testimonios de productores --7.1 El alambrado eléctrico en invernada / Ing. Agr. Arnaldo Luis Peluffo -- 7.2 El alambrado eléctrico en cría / Vicente Lorenzo Casars -- 7.3 El alambrado dléctrico en producción lechera / Ing. Agr. A. Lesser -- 
653 |a Forrajes 
653 |a Forrajeras-clasificación 
653 |a Alfalfa 
653 |a Trébol blanco 
653 |a Trébol rojo 
653 |a Lotus corniculatus 
653 |a Pastoreos 
653 |a Pastoreo-leguminosas 
653 |a Pastoreo-gramíneas 
653 |a Alambre eléctrico 
859 |a CEMS  |b BIB. CEMS - Agricultura  |h 633.2  |i As57  |p A0392.02  |t Ej.1  |v 1  |3 Vol. 1